The Scholar as Human (Record no. 182223)

MARC details
000 -LEADER
fixed length control field 00379nmm a2200121Ia 4500
245 #4 - TITLE STATEMENT
Title The Scholar as Human
260 ## - PUBLICATION, DISTRIBUTION, ETC. (IMPRINT)
Place of publication Cornell University Press
Year of publication 2021
650 ## - SUBJECT ADDED ENTRY--TOPICAL TERM
Topical Term Film Studies ; Communication Studies ; Engineering
856 ## - ELECTRONIC LOCATION AND ACCESS
Uniform Resource Identifier https://www.jstor.org/stable/10.7591/j.ctv310vkmc
942 ## - ADDED ENTRY ELEMENTS (KOHA)
Koha item type
Holdings
Withdrawn status Lost status Damaged status Not for loan Permanent Location Current Location Date acquired Price effective from Koha item type
        Library and Documentation Division NCERT Library and Documentation Division NCERT 11/19/2024 11/19/2024